| 000 | 01127nam a2200229Ia 4500 | ||
|---|---|---|---|
| 999 |
_c39086 _d39086 |
||
| 001 | 5654 | ||
| 003 | GE_BSU | ||
| 005 | 20191024145908.0 | ||
| 008 | 181216s|201||||ge |||||||||||||| ||geo|| | ||
| 020 | _a9789941918193 | ||
| 040 | _cGE_BSU | ||
| 041 | _ageo | ||
| 080 | _a347.096 დ-27 | ||
| 100 |
_aჩაჩანიძე, ეთერ _92901 |
||
| 245 |
_aსამოქალაქო კაზუსების ამოხსნის მაგალითები : _bკრებული / _cეთერ ჩაჩანიძე. |
||
| 264 |
_aთბილისი : _bGiz, _c2012. |
||
| 300 |
_a39 გვ.; _b20 სმ. |
||
| 500 | _aკრებული გამოცემულია Giz-ის პროგრამის "სამართლისა და იუსტიციის რეფორმის კონსულტაცია სამხრეთ კავკასიაში" მიერ | ||
| 653 | _a სამოქალაქო სამართალი; | ||
| 653 | _a სამოქალაქო კაზუსის ამოხსნა; | ||
| 942 |
_cBK _2udc |
||